| 000 | 01342nam a2200385 c 4500 | ||
|---|---|---|---|
| 003 | BLK | ||
| 005 | 20180422115648.0 | ||
| 008 | 180411b bul|||||r ||||||| ||bul|| | ||
| 010 | _aKNG00198604000 | ||
| 040 | _aBLK | ||
| 041 |
_aBUL _cBUL |
||
| 080 |
_aГеография на България _b913(497.2) _x(234.423) _z913(497.2)(234.423) |
||
| 100 | 1 |
_aКолев, Светослав _eпърви автор _9367902 |
|
| 139 |
_aКолев, Светослав _bК 78 |
||
| 245 | 1 | 0 |
_aМусала - Белмекен. Зиме _cСветослав Колев. |
| 257 | _aBGR | ||
| 260 |
_аСофия _bМедицина и физкултура _c1965 |
||
| 300 |
_a43 с. _bс ил. и к. _c17 см |
||
| 380 | _a91 | ||
| 490 | 1 | _aМалка туристическа библиотека | |
| 650 | 4 |
_aТуризъм - България - маршрути _9296535 |
|
| 650 | 4 |
_aПланини - България _9261565 |
|
| 650 | 4 |
_aМусала _9163098 |
|
| 651 | 4 |
_aБългария _9241624 |
|
| 653 | _aтуристически маршрути | ||
| 653 | _aМусала | ||
| 653 | _aвърхове | ||
| 653 | _aпланини | ||
| 653 | _aБелмекен | ||
| 852 | _aЦб І 7628 | ||
| 856 | 4 |
_qpdf _u |
|
| 856 | 4 |
_qpdf _u |
|
| 942 |
_cKNG _n0 |
||
| 944 |
_aCR _c19.12.2016 _kЕлиз_Шакирова |
||
| 944 |
_aED _c19.12.2016 _kСевдалина_Василева |
||
| 999 |
_c189560 _d189560 |
||